| 000 | 00378cam a22001337a 4500 | ||
|---|---|---|---|
| 008 | 180718b1959 xxu||||| |||| 00| 0 eng d | ||
| 082 | _aB235x47 Ar551 | ||
| 100 | _aArmour, Richard | ||
| 245 |
_aIt all started with Marx _cby Richard Armour |
||
| 260 |
_aLondon _bHammond _c1959 |
||
| 300 | _a126p. | ||
| 500 | _a12/6 | ||
| 650 | _aSoviet Union --History --Humor, caricatures, etc. | ||
| 999 |
_c358353 _d358353 |
||